| 000 | 01148nam a2200313Ia 4500 | ||
|---|---|---|---|
| 001 | ebr10358286 | ||
| 003 | CaPaEBR | ||
| 006 | m u | ||
| 007 | cr cn||||||||| | ||
| 008 | 920915s1991 nyu s 000 0 eng d | ||
| 010 | _z 90022905 | ||
| 020 | _z9780195083521 | ||
| 020 | _z0195066758 | ||
| 020 | _z0195083520 | ||
| 040 |
_aCaPaEBR _cCaPaEBR |
||
| 035 | _a(OCoLC)646698674 | ||
| 050 | 1 | 4 |
_aQP385.5 _b.C67 1991eb |
| 100 | 1 | _aCorballis, Michael C. | |
| 245 | 1 | 4 |
_aThe lopsided ape _h[electronic resource] : _bevolution of the generative mind / _cMichael C. Corballis. |
| 260 |
_aNew York ; _aOxford : _bOxford University Press, _c1991. |
||
| 300 | _avii, 366 p. | ||
| 533 |
_aElectronic reproduction. _bPalo Alto, Calif. : _cebrary, _d2010. _nAvailable via World Wide Web. _nAccess may be limited to ebrary affiliated libraries. |
||
| 650 | 0 | _aLaterality. | |
| 650 | 0 |
_aBrain _xEvolution. |
|
| 650 | 0 | _aHuman evolution. | |
| 655 | 7 |
_aElectronic books. _2local |
|
| 710 | 2 | _aebrary, Inc. | |
| 856 | 4 | 0 |
_uhttp://site.ebrary.com/lib/rucke/Doc?id=10358286 _zAn electronic book accessible through the World Wide Web; click to view |
| 999 |
_c211472 _d211472 |
||